| 000 | 00800cam a2200193 4500 | ||
|---|---|---|---|
| 008 | 041028n2004 000 0 eng u | ||
| 020 | _a011069287X | ||
| 035 | _a(Sirsi) u127866 | ||
| 041 | _aeng | ||
| 245 | _aNature Conservation (Scotland) Act 2004 (Commencement) Order 2004 | ||
| 260 |
_aLondon _bHMSO _c2004 |
||
| 490 |
_aSSI _v2004: 407 |
||
| 520 | _aCame into force 1 October 2004. Bought the Nature Conservation (Scotland) Act 2004 s15(2), s50 and sched 6, s51 and s54 into force. View at www.scotland-legislation.hmso.gov.uk/ | ||
| 650 | _aNATURE CONSERVATION (SCOTLAND) ACT 2004 | ||
| 650 | _aSCOTLAND | ||
| 690 |
_aRURAL _96268 |
||
| 856 |
_uhttps://www.scotland-legislation.hmso.gov.uk/legislation/scotland/ssi2004/20040407.htm _zView the Order on the HMSO website... |
||
| 942 | _n0 | ||
| 999 |
_c103833 _d103833 |
||